Repujado y armado en laminas de metal /

Guardado en:
Autor Principal: Kuhnemann, Ursula
Formato: Libro
Publicado: Argentina : Kapelusz, 1972
Materias:
Etiquetas: Agregar Etiqueta
Sin Etiquetas, Sea el primero en etiquetar este registro!
LEADER 00581nam a22001815a 4500
001 CEM.cems003645
005 19000101000000.0
008 130507s1972##################000#0#####d
003 CEMS
082 0 4 |a 739 
100 1 |a Kuhnemann, Ursula 
245 1 0 |a Repujado y armado en laminas de metal / 
260 |a Argentina :  |b Kapelusz,  |c 1972 
300 |a 41 p. 
653 |a Metales-repujado 
859 |a CEMS  |b BIB. CEMS - 11 de abril  |h 739  |i K956  |p 11371.82  |t Ej.1 
859 |a CEMS  |b BIB. CEMS - 11 de abril  |h 739  |i K956  |p 11372.82  |t Ej.2 
859 |a CEMS  |b BIB. CEMS - 11 de abril  |h 739  |i K956  |p 11373.82  |t Ej.3